| 000 | 01554nam0a2200301 4500 | ||
|---|---|---|---|
| 001 | RU\NLR\bibl\467668 | ||
| 005 | 20250623185516.0 | ||
| 035 | _a(NLR Aleph) 000461003 | ||
| 090 |
_a933849 _c933849 |
||
| 100 | _a20031202d1997 |||y0rusy50 ca | ||
| 101 | 0 | _arus | |
| 102 | _aRU | ||
| 105 | _ay ||||||||| | ||
| 200 | 1 |
_aОдна из моих картин _eЗап. кинорежиссера _fП.В. Клушанцев _gПод ред. засл. деят. искусств Рос. Федерации И.З. Войтенко _gГоскино России, С.-Петерб. ин-т кино и телевидения |
|
| 210 |
_aСПб. _cСПИКиТ _d1997 |
||
| 215 |
_a85 с. _d20 |
||
| 300 | _aНа обороте тит. л. авт.: П.В. Клушанцев - режиссер, засл. деят. искусств Рос. Федерации | ||
| 600 | 1 |
_aКлушанцев _bП.В. _f1910 - 1999 _gПавел Владимирович _jВоспоминания, записки и т.п. _92312742 _3RU\NLR\auth\661384069 |
|
| 605 |
_a"Дорога к звездам", кинофильм _jВоспоминания, записки и т.п. _92312747 _3RU\NLR\auth\661384072 |
||
| 686 | _aЩ376.63(2Р)7-7"Дорога к звездам " | ||
| 686 | _aЩ376.63(2Р)7-85Клушанцев | ||
| 700 | 1 |
_aКлушанцев _bП. В. _gПавел Владимирович _4070 |
|
| 801 | 0 |
_aRU _bNLR _c20031202 _gPSBO |
|
| 801 | 1 |
_aRU _bNLR _c20031202 |
|
| 830 | _aАвт. по кн. | ||
| 942 | _cBOOK | ||
| 980 | _aNB | ||